00745nam a2200241 a 4500001001300000003000900013005001700022008004100039020002300080082001700103100002900120245005000149260004200199300000900241500003500250505001000285650002900295700002900324902000800353942000700361952011800368999001700486nice12345678IN_TiNIC20260116013745.0050524s1993 oxfa grp 000 0 eng  a019506 c43700a291.211bGUT aGuthrie, Stewart Elliott aFaces in Jthe Cloudsb New Theory of Religion aOxforsbOxford University Pressc1993 a290p aincludes index and biblioraphy2 aIndex aComparative Religion-God1 aGuthrie, Stewart Elliott bSRS cBK 001040708StackRoom-aHMIbHMId2007-07-18g437.00l0o291.211 GUTp018959r2007-07-18v437.00w2005-05-24yBK c12332d12332